000 00615nam a22001577a 4500
999 _c13889
_d13889
008 190508b ||||| |||| 00| 0 eng d
082 _22019
_aUT 1289
_bA48
100 _aAmarilla, Esther Marie T.
_938670
245 _aImpact of accounting information system on the business firms in Digos City /
_cEsther Marie T. Amarilla, Marjorie N. Regidor, and Shiem M. Perlas.
260 _aDigos City:
_bUMDC
_cJanuary 2019.
300 _a119 pages;
_c30 cm.
650 _aAccounting Technology
_xUndergraduate thesis.
_938671
700 _aRegidor, Marjorie N.
_938672
700 _aPerlas, Shiem M.
_938673
942 _2ddc
_cUT